000 00864nam a2200145Ia 4500
008 100122s9999 xx 000 0 und d
082 _b43992
_a928
100 _aदीक्षित म श्री
245 _aमहामहोपाध्याय दत्तो वामन पोतदार : 1990 स्मृति गौरव ग्रंथ (वाच.क.क्र.1/1 )
260 _bवि कृ मेहेंदळे
_c1990
300 _a140
630 _aमहामहोपाध्याय दत्तो वामन पोतदार : 1990 स्मृति गौरव ग्रंथ (वाच.क.क्र.1/1 )
730 _aमहामहोपाध्याय दत्तो वामन पोतदार : 1990 स्मृति गौरव ग्रंथ (वाच.क.क्र.1/1 )
942 _cBOOK
999 _c423890
_d423887